000 00435nam a2200157 4500
001 45217
090 _a45217
100 _a20251125 pory50
101 _apor
102 _aPT
200 _aO referencial
_eRevista da Associação 25 de Abril
_f Associação 25 de Abril
_gdir Aniceto Afonso ... [et al.]
210 _aLisboa
_c Associação 25 de Abril
_d-2023
215 _av.
675 _a32(469)
801 _aPT
_gRPC
990 _cPERIODICOS